01828nam a2200553 a 450000100080000000500110000800800410001902200140006010000200007424500760009426000510017030000090022149000570023052003450028765000160063265000210064865000130066965000170068265000150069965000260071465000190074065000180075965000340077765000310081165000250084265000100086765000170087765000120089465000210090665000150092765000170094265000120095965000150097165000140098665300180100065300090101865300240102765300240105165300110107565300280108665300120111465300260112665300250115265300060117765300210118365300190120465300320122365300190125514923462025-10-08 1988 bl uuuu u0uu1 u #d a0100-21981 aSOUZA, F. X. de aCultivares de pimenta-do-reino (Piper nigrum L.) para o estado do Acre. aRio Branco, AC: Embrapa-UEPAE Rio Brancoc1988 a4 p. a(Embrapa-UEPAE Rio Branco. Comunicado técnico, 52). aA expansão da fronteira agrícola no estado do Acre, nos últimos anos, requer novas alternativas de cultivos de expressão socioeconômica para fixar o homem ao meio rural. A UEPAE Rio Branco desenvolveu estudos objetivando avaliar o comportamento produtivo de cultivares de pimenta-do-reino nas condições ecológicas de Rio Branco, AC. aAcclimation aAgronomic traits aAmazonia aBlack pepper aCrop yield aEnvironmental factors aVariety trials aAclimatação aCaracterísticas Agronômicas aComportamento de Variedade aCondição Ambiental aFungo aMelhoramento aPimenta aPimenta do Reino aPimenteira aPiper Nigrum aPlantio aRendimento aVariedade aAclimatación aAcre aAmazonia Occidental aAmazônia Ocidental aBrasil aComportamento produtivo aCultivo aEnsayos de variedades aFactores ambientales aL aPimenta-do-reino aPimienta negra aRendimiento de los cultivos aWestern Amazon